<?xml version="1.0" encoding="UTF-8"?>
<record
    xmlns:xsi="http://www.w3.org/2001/XMLSchema-instance"
    xsi:schemaLocation="http://www.loc.gov/MARC21/slim http://www.loc.gov/standards/marcxml/schema/MARC21slim.xsd"
    xmlns="http://www.loc.gov/MARC21/slim">

  <leader>00406nam a2200145Ia 4500</leader>
  <controlfield tag="008">230411s9999    xx            000 0 und d</controlfield>
  <datafield tag="020" ind1=" " ind2=" ">
    <subfield code="a">978-93-86150-85-1</subfield>
  </datafield>
  <datafield tag="041" ind1=" " ind2=" ">
    <subfield code="a">eng</subfield>
  </datafield>
  <datafield tag="082" ind1=" " ind2=" ">
    <subfield code="a">C/004/SHE/B09361</subfield>
  </datafield>
  <datafield tag="100" ind1=" " ind2=" ">
    <subfield code="a">Shendurnikar Niranjan &amp; Thacker Naveen</subfield>
    <subfield code="9">180070</subfield>
  </datafield>
  <datafield tag="245" ind1=" " ind2=" ">
    <subfield code="a">Computer for Nurses</subfield>
  </datafield>
  <datafield tag="260" ind1=" " ind2=" ">
    <subfield code="b">Jaypee Brothers</subfield>
    <subfield code="a">New Delhi</subfield>
    <subfield code="c">2017</subfield>
  </datafield>
  <datafield tag="300" ind1=" " ind2=" ">
    <subfield code="a">151p</subfield>
  </datafield>
  <datafield tag="999" ind1=" " ind2=" ">
    <subfield code="c">158520</subfield>
    <subfield code="d">158520</subfield>
  </datafield>
  <datafield tag="952" ind1=" " ind2=" ">
    <subfield code="0">0</subfield>
    <subfield code="1">0</subfield>
    <subfield code="4">0</subfield>
    <subfield code="7">0</subfield>
    <subfield code="8">C</subfield>
    <subfield code="a">BTIN</subfield>
    <subfield code="b">BTIN</subfield>
    <subfield code="d">2020-09-10</subfield>
    <subfield code="e">S.K.Kothari,Pune.</subfield>
    <subfield code="g">450.00</subfield>
    <subfield code="i">558/2019-20</subfield>
    <subfield code="j">2</subfield>
    <subfield code="l">0</subfield>
    <subfield code="o">C 004 SHE B09361</subfield>
    <subfield code="p">BTIN-BK-9361</subfield>
    <subfield code="r">2023-04-11 00:00:00</subfield>
    <subfield code="v">306.00</subfield>
    <subfield code="w">2020-03-11</subfield>
    <subfield code="y">BK</subfield>
    <subfield code="z">B09361</subfield>
  </datafield>
  <datafield tag="952" ind1=" " ind2=" ">
    <subfield code="0">0</subfield>
    <subfield code="1">0</subfield>
    <subfield code="4">0</subfield>
    <subfield code="7">0</subfield>
    <subfield code="8">C</subfield>
    <subfield code="a">BTIN</subfield>
    <subfield code="b">BTIN</subfield>
    <subfield code="d">2020-09-10</subfield>
    <subfield code="e">S.K.Kothari,Pune.</subfield>
    <subfield code="g">450.00</subfield>
    <subfield code="i">558/2019-20</subfield>
    <subfield code="j">2</subfield>
    <subfield code="l">0</subfield>
    <subfield code="o">C 004 SHE B09362</subfield>
    <subfield code="p">BTIN-BK-9362</subfield>
    <subfield code="r">2023-04-11 00:00:00</subfield>
    <subfield code="v">306.00</subfield>
    <subfield code="w">2020-03-11</subfield>
    <subfield code="y">BK</subfield>
    <subfield code="z">B09362</subfield>
  </datafield>
</record>
